El niño con el pijama de rayas (Registro nro. 4722)
[ vista simple ]
| 000 -Cabecera | |
|---|---|
| Campo de control de longitud fija | 00589aam a2200241 4500 |
| 005 - Fecha y hora de la última transacción | |
| Campo de control | 20241218084624.0 |
| 008 - Elementos de longitud fija--Información general | |
| Campo de control de longitud fija | 150416b xxu||||| |||| 00| 0 spa d |
| 020 ## - International Standard Book Number | |
| Número Internacional Estándar del Libro (ISBN) | 9788498380798 |
| 041 ## - Idioma | |
| Código de idioma | Español |
| 082 ## - Clasificación Decimal Dewey | |
| Número de clasificación | 891.62 B792n25 |
| 100 ## - Entrada principal--Autor personal | |
| Nombre personal | Boyne, John |
| 9 (RLIN) | 2237 |
| 245 ## - Título propiamente dicho | |
| Título | El niño con el pijama de rayas |
| 250 ## - Edición | |
| Mención de edición | 25 edición |
| 260 ## - Pie de imprenta | |
| Lugar de publicación, distribución, etc. | España |
| 260 ## - Pie de imprenta | |
| Nombre del editor, distribuidor, etc. | Salamandra |
| 260 ## - Pie de imprenta | |
| Fecha de publicación, distribución, etc. | 2011 |
| 300 ## - Descripción física | |
| Extensión | 219 páginas |
| 650 ## - Materia general | |
| Temática (materia general) | NOVELA IRLANDESA |
| 650 ## - Materia general | |
| Temática (materia general) | LITERATURA IRLANDESA |
| 650 ## - Materia general | |
| Temática (materia general) | SEGUNDA GUERRA MUNDIAL |
| 650 ## - Materia general | |
| Temática (materia general) | HOLOCAUSTO |
| 942 ## - Punto de acceso adicional KOHA | |
| Tipo de ítem KOHA | Literatura |
| Fuente del sistema de clasificación o colocación | Dewey Decimal Classification |
| Signatura completa | Código de barras | Tipo de ítem |
|---|---|---|
| 891.62 B792n25 | 13569 | Literatura |
| 891.62 B792n25 | 16548 | Literatura |
| 891.62 B792n25 | 16549 | Literatura |
| 891.62 B792n25 | 16924 | Literatura |